Rural Economy/ (Record no. 203147)

MARC details
000 -LEADER
fixed length control field 00560nam a22001937a 4500
005 - DATE AND TIME OF LATEST TRANSACTION
control field 20240522112459.0
010 ## - LCCN (DPL NO)
LC control number ENG-140457
020 ## - INTERNATIONAL STANDARD BOOK NUMBER
Terms of availability 900.00
International Standard Book Number 9788184201741
035 ## - SYSTEM CONTROL NUMBER
System control number EN-123989
037 ## - SOURCE OF ACQUISITION
Source of stock number/acquisition DBAD
082 ## - DEWEY DECIMAL CLASSIFICATION NUMBER
Classification number 338.432
100 ## - MAIN ENTRY--PERSONAL NAME
Personal name Chaudhary, S.K.
245 ## - TITLE STATEMENT
Title Rural Economy/
Statement of responsibility, etc By S.K. Chaudhary
260 ## - PUBLICATION, DISTRIBUTION, ETC. (IMPRINT)
Name of publisher, distributor, etc Sumit Enterprises
Date of publication, distribution, etc 2009
Place of publication, distribution, etc New Delhi
270 ## - ADDRESS
Address 4649B/21, Ansari Road, Darya Ganj,
City New Delhi
Postal code 110002
300 ## - PHYSICAL DESCRIPTION
Extent 295p.
Dimensions 22cm(Hb)
500 ## - GENERAL NOTE
General note Bibliography, Index
942 ## - ADDED ENTRY ELEMENTS (KOHA)
Source of classification or shelving scheme Dewey Decimal Classification
Item type English Books
Classification part 338.432
Call number suffix CHA
Holdings
Withdrawn status Lost status Not for loan Collection code Home library Current library Date acquired Source of acquisition Cost, normal purchase price Full call number Barcode Copy number Cost, replacement price Koha item type
      Non-fiction Central Jail Tihar Central Jail Tihar 22/05/2024 DBAD 900.00 338.432 CHA EN-123989 1 900.00 English Books

© Delhi Public Library
Hit Counter
free hit counter